000 00968nam a22002534a 4500
005 20071114120703.0
008 070217s2007 ii | b 00| 0 eng
010 _aENG-93347
020 _a8189886304
_c380.00
020 _a9788189886301
_c380.00
035 _aEN-76880
037 _bDBAD / PUB
040 _adpl
_bEnglish
082 _a355.033054
100 _aJena, Kashinath
245 _aEthic unrests and India's security concerns /
_cby Kashinath Jena [and] Bindu Ranjan Chakma
260 _aDelhi
_bAbhijeet Publications
_c2008
270 _a2/46 Tukhmeerpur Extension
_bDelhi
_e110094
300 _ax, 141p.
_c22cm (Hb)
500 _aIncludes bibliographical references
700 _aBindu Charan Chakma
942 _2ddc
_cEN
_mJEN
_h355.033054
999 _c25999
_d25999